Planificación y control de la producción
| Main Author: | |
|---|---|
| Format: | Section = Libro |
| Language: | Undetermined Spanish |
| Published: |
México
Pearson Educación
2006
|
| Subjects: |
| LEADER | 00830nam a2200277Ia 4500 | ||
|---|---|---|---|
| 008 | 240830s9999 xx 000 0 und d | ||
| 020 | |a 970-26-0771-X | ||
| 040 | |a B-ESTELÍ- RUACS / 658.503 C466 | ||
| 041 | |a spa | ||
| 082 | |a 658.503 C466 | ||
| 100 | 1 | |a Chapman, Stephen N. | |
| 245 | 1 | 0 | |a Planificación y control de la producción |
| 260 | |a México |b Pearson Educación |c 2006 | ||
| 300 | |a 271 p. | ||
| 650 | 7 | |a PLANIFICACIÓN Y CONTROL | |
| 650 | 7 | |b PRONÓSTICO | |
| 650 | 7 | |c VENTAS Y OPERACIONES | |
| 650 | 7 | |d PROGRAMA MAESTRO | |
| 650 | 7 | |e ADMINISTRACIÓN - INVENTARIOS - CAPACIDAD | |
| 650 | 7 | |f REQUERIMIENTOS MATERIALES | |
| 650 | 7 | |g PRODUCCIÓN | |
| 650 | 7 | |h SISTEMA PRODUCCIÓN ESBELTA Y JUSTO A TIEMPO | |
| 650 | 7 | |i TEORÍA DE RESTRICCIONES | |
| 942 | |c BK |2 ddc | ||
| 991 | |a TEXTO | ||
| 999 | |c 11495 | ||